Debí dibujar el mar en alguna parte / (Registro nro. 44132)
[ vista simple ]
| 000 -CABECERA | |
|---|---|
| campo de control de longitud fija | 01006nam a2200217 a 4500 |
| 001 - NÚMERO DE CONTROL | |
| campo de control | 000044643 |
| 005 - FECHA Y HORA DE LA ÚLTIMA TRANSACCIÓN | |
| campo de control | 20201002045525.0 |
| 008 - DATOS DE LONGITUD FIJA--INFORMACIÓN GENERAL | |
| campo de control de longitud fija | 141210s2013 dr 000 p spa d |
| 020 ## - NÚMERO INTERNACIONAL ESTÁNDAR DEL LIBRO | |
| Número Internacional Estándar del Libro | 9789945492279 |
| 040 ## - FUENTE DE LA CATALOGACIÓN | |
| Centro catalogador/agencia de origen | DO-SdBNP |
| Lengua de catalogación | spa |
| Centro/agencia transcriptor | BNPHU |
| 082 ## - NÚMERO DE LA CLASIFICACIÓN DECIMAL DEWEY | |
| Número de clasificación | xxxx |
| Número de documento/Ítem | xxxx |
| 100 1# - ENTRADA PRINCIPAL--NOMBRE DE PERSONA | |
| Nombre de persona | Vásquez Germán, Ariadna |
| 9 (RLIN) | 72661 |
| 245 10 - MENCIÓN DE TÍTULO | |
| Título | Debí dibujar el mar en alguna parte / |
| Mención de responsabilidad, etc. | Ariadna Vásquez Germán. |
| 260 ## - PUBLICACIÓN, DISTRIBUCIÓN, ETC. | |
| Lugar de publicación, distribución, etc. | Santo Domingo : |
| Nombre del editor, distribuidor, etc. | Nacional, |
| Fecha de publicación, distribución, etc. | 2013. |
| 300 ## - DESCRIPCIÓN FÍSICA | |
| Extensión | 72 p. |
| 490 1# - MENCIÓN DE SERIE | |
| Mención de serie | Premios nacionales |
| 505 0# - NOTA DE CONTENIDO CON FORMATO | |
| Nota de contenido con formato | parte uno. Hechicera de la playa. |
| Título | Como atravesando ruinas -- |
| -- | Yanka -- |
| -- | Estás alli, madre -- |
| -- | Teresa -- |
| -- | Ese viaje algún día -- |
| -- | Yo espero a que se apague la tarde -- |
| -- | Pantano. -- |
| -- | Parte dos. Debí dibujar el mar en alguna parte. -- |
| -- | Parte tres. Breve historia de enanos silvestres naciendo. |
| 586 ## - NOTA DE PREMIOS | |
| Nota de premios | Premio Nacional de Poesía Salomé Ureña de Henríquez, 2012. |
| 500 ## - NOTA GENERAL | |
| Nota general | Incluye datos biográficos de la autora en la solapa de la cubierta |
| 830 #0 - PUNTO DE ACCESO ADICIONAL DE SERIE-TÍTULO UNIFORME | |
| Título uniforme | Premios nacionales |
| 9 (RLIN) | 718 |
| Estado de retiro | Estado de pérdida | Restricciones de uso | No para préstamo | Código de colección | Localización permanente | Ubicación/localización actual | Ubicación en estantería | Fecha de adquisición | Número de inventario | Total de préstamos | Signatura topográfica completa | Código de barras | Fecha visto por última vez | Número de copia | Precio válido a partir de | Tipo de ítem Koha |
|---|---|---|---|---|---|---|---|---|---|---|---|---|---|---|---|---|
| Dominicana de Servicio | General | General | En catalogación | 10.12.2014 | LF1 | xxxx xxxx | 44643-30 | 25.06.2020 | e. 3 | 25.06.2020 | Libro y Folleto Colección Dominicana de Servicio | |||||
| Excluido de préstamo | Dominicana de Servicio | General | General | En catalogación | 29.05.2019 | LF1 | xxxx xxxx | 44643-40 | 25.06.2020 | e. 4 | 25.06.2020 | Libro y Folleto Colección Dominicana de Servicio | ||||
| Excluido de préstamo | Patrimonio Dominicano | Patrimonio Dominicano | Patrimonio Dominicano | En catalogación | 10.12.2014 | LF1 | xxxx xxxx | 44643-10 | 25.06.2020 | 25.06.2020 | Libro y Folleto Colección Patrimonio Dominicano | |||||
| Excluido de préstamo | Patrimonio Dominicano | Patrimonio Dominicano | Patrimonio Dominicano | En catalogación | 10.12.2014 | LF1 | xxxx xxxx | 44643-20 | 25.06.2020 | e. 2 | 25.06.2020 | Libro y Folleto Colección Patrimonio Dominicano |
